| 000 | 00713cam a2200229 4500 | ||
|---|---|---|---|
| 001 | 4177 | ||
| 005 | 20181127172803.0 | ||
| 008 | 130710s2013 ii b 001 0 eng | ||
| 010 | _a 2013026823 | ||
| 020 | _a9788132111245 (pbk. : alk. paper) | ||
| 100 | 1 | _aSanthakumar, V. | |
| 245 | 1 | 0 |
_aEconomics in action : _ban easy guide for development practitioners / _cV. Santhakumar. |
| 264 | 1 |
_aNew Delhi : _bSAGE, _c2013. |
|
| 300 | _a350 pages. ; 26 cm. | ||
| 336 |
_atext _2rdacontent |
||
| 337 |
_aunmediated _2rdamedia |
||
| 338 |
_avolume _2rdacarrier |
||
| 504 | _aIncludes bibliographical references and index. | ||
| 650 | 0 | _aDevelopment economics. | |
| 650 | 0 | _aEconomic development. | |
| 650 | 0 | _aEconomics. | |
| 999 |
_c3428 _d3428 |
||